Essential writings of Mahatma Gandhi (Record no. 3529)

MARC details
000 -LEADER
fixed length control field 00559cam a2200205ua 4500
008 - FIXED-LENGTH DATA ELEMENTS--GENERAL INFORMATION
fixed length control field 111222n ii |||gr||||Z||||||eng
020 ## - INTERNATIONAL STANDARD BOOK NUMBER
International Standard Book Number 978-0-19-563208-8
020 ## - INTERNATIONAL STANDARD BOOK NUMBER
International Standard Book Number 0-19-563208-7
040 ## - CATALOGING SOURCE
Transcribing agency MAIN
082 ## - DEWEY DECIMAL CLASSIFICATION NUMBER
Classification number 891.1
100 ## - MAIN ENTRY--PERSONAL NAME
Personal name Iyer, Raghavan ,
Relator term
245 11 - TITLE STATEMENT
Title Essential writings of Mahatma Gandhi
Statement of responsibility, etc. ed. by Raghavan Iyer
250 ## - EDITION STATEMENT
Edition statement 15th.
260 ## - PUBLICATION, DISTRIBUTION, ETC.
Place of publication, distribution, etc. New Delhi:
Name of publisher, distributor, etc. Oxford university press.,
Date of publication, distribution, etc. 2006.
300 ## - PHYSICAL DESCRIPTION
Extent xvi; 441p:
Dimensions 23cm.
942 ## - ADDED ENTRY ELEMENTS (KOHA)
Koha item type Books
653 ## - INDEX TERM--UNCONTROLLED
Uncontrolled term English
653 ## - INDEX TERM--UNCONTROLLED
Uncontrolled term Essential writings of Mahatma Gandhi
Holdings
Withdrawn status Lost status Damaged status Not for loan Home library Current library Shelving location Date acquired Total Checkouts Full call number Barcode Date last seen Copy number Price effective from Koha item type
        Naharkatiya College Library Naharkatiya College Library General Stacks 19/09/2020   891.1 | GAN 19205 19/09/2020 1 19/09/2020 Books

Naharkatiya College © 2020. All rights reserved.

Powered By